Calculus and analytic geometry
Gardado en:
| Autor Principal: | |
|---|---|
| Formato: | Libro |
| Idioma: | inglés |
| Publicado: |
Reading
Addison-Wesley
1972
|
| Series: | Addison Wesley Series in Mathematics
|
| Subjects: | |
| Tags: |
Engadir etiqueta
Sen Etiquetas, Sexa o primeiro en etiquetar este rexistro!
|
MARC
| LEADER | 00000nam a2200000 a 4500 | ||
|---|---|---|---|
| 001 | UCP1296 | ||
| 003 | CL-VaPUC | ||
| 008 | 990401e19720000US |||||||||||||||||eng|d | ||
| 082 | 0 | 4 | |a 515.15 |b THO |2 21 |
| 100 | 0 | |a Thomas, George Brinton |e author |9 427263 | |
| 245 | 1 | 0 | |a Calculus and analytic geometry |
| 300 | |a 1034 p | ||
| 942 | |c BK | ||
| 945 | |d 19990401 00:00:00 |a crobeson | ||
| 260 | |a Reading |b Addison-Wesley |c 1972 | ||
| 650 | 0 | |a Cálculo |9 260234 | |
| 650 | 0 | |a Geometría analítica |9 260062 | |
| 650 | 0 | |a Trigonometría |9 259568 | |
| 650 | 0 | |a Hipérbolas |9 358878 | |
| 650 | 0 | |a Matemática aplicada |9 260236 | |
| 650 | 0 | |a Álgebra lineal |9 260445 | |
| 650 | 0 | |a Geometría plana |9 265855 | |
| 650 | 0 | |a Ecuaciones diferenciales |9 260083 | |
| 650 | 0 | |a Análisis vectorial |9 260451 | |
| 583 | |a last modification |c 19990401 00:00:00 |k Rodrigo Vera | ||
| 490 | 0 | |a Addison Wesley Series in Mathematics | |
| 999 | |c 279990 |d 279988 | ||
| 952 | |0 0 |1 0 |4 0 |6 515_150000000000000_THO_1972 |7 0 |8 A |9 319941 |a BIBMAT |b BIBMAT |d 2019-11-20 |i 133476K |o 515.15 THO 1972 |p 133476K |r 2025-01-07 |w 2019-11-20 |y BK |k MAT | ||